Centroamérica: la situación militar
Gorde:
| Formatua: | Texto |
|---|---|
| Gaiak: | |
| Etiketak: |
Etiketa erantsi
Etiketarik gabe, Izan zaitez lehena erregistro honi etiketa jartzen!
|
MARC
| LEADER | 00000 a a2200000 04500 | ||
|---|---|---|---|
| 001 | 18111 | ||
| 003 | |||
| 040 | |||
| 245 | |a Centroamérica: |b la situación militar | ||
| 650 | |a MILITARISMO | ||
| 650 | |a POLITICA | ||
| 650 | |a MOVIMIENTOS SOCIALES | ||
| 650 | |a CENTROAMERCA | ||
| 773 | |g volumen 7, número 32; páginas 499-500 | ||
| 999 | |c 25234 |d 25234 | ||
| 773 | 0 | |0 42391 |9 4165 |a Agencia Latinoamericana de Información, ALAI |d Quito, Ecuador: ALAI |o 03916 |t ALAI: |x 08275564 (Servicio mensual de información y documentación) | |
